00328pab a2200133 454500008004000000100001900040245005900059260000900118300001300127362000800140650001000148650001700158773001900175180718b2007 xxu||||| |||| 00| 0 eng d aBhosle, Smriti aSocialization process and abuse of women in the family c2007 ap.32-35. aMay aWomen aSexual abuse aSocial Welfare